Príspevok na rekreáciu zamestnancov v roku 2024

Plánujete tento rok dovolenku na Slovensku a chceli by ste využiť príspevok zamestnávateľa na takúto rekreáciu? V článku vám prinášame stručný prehľad informácií, kto má na príspevok nárok, ako si ho uplatniť, za akých podmienok a do akej výšky môže zamestnávateľ takýto príspevok zamestnancovi posky...

Descripción completa

Guardado en:
Detalles Bibliográficos
Autor principal: Švaňová, Martina
Formato: Capítulo de libro
Lenguaje:eslovaco
Materias:
Etiquetas: Agregar Etiqueta
Sin Etiquetas, Sea el primero en etiquetar este registro!

MARC

LEADER 00000naa a2200000 4500
001 0303945
005 20240904094332.2
041 0 |a slo 
044 |a SK 
245 1 0 |a Príspevok na rekreáciu zamestnancov v roku 2024  |c Martina Švaňová 
520 |a Plánujete tento rok dovolenku na Slovensku a chceli by ste využiť príspevok zamestnávateľa na takúto rekreáciu? V článku vám prinášame stručný prehľad informácií, kto má na príspevok nárok, ako si ho uplatniť, za akých podmienok a do akej výšky môže zamestnávateľ takýto príspevok zamestnancovi poskytnúť. 
610 2 0 |a dovolenka 
610 2 0 |a príspevky rekreačné 
610 2 0 |a zamestnanci 
610 2 0 |a rekreácia 
610 2 0 |a zamestnávatelia 
610 2 0 |a náklady 
100 1 |a Švaňová, Martina